Pages choisies de Babeuf / (Record no. 150779)

MARC details
000 -LEADER
campo de control de longitud fija 00711nam a2200205 i 4500
001 - NÚMERO DE CONTROL
campo de control 150779
003 - IDENTIFICADOR DE NÚMERO DE CONTROL
campo de control ES-MaACL
005 - FECHA Y HORA DE LA ÚLTIMA TRANSACCIÓN
campo de control 20230906203708.0
007 - CAMPO FIJO DE DESCRIPCIÓN FÍSICA--INFORMACIÓN GENERAL
campo de control de longitud fija t|
008 - DATOS DE LONGITUD FIJA--INFORMACIÓN GENERAL
campo de control de longitud fija 071112s1935 fr ||||1| fre d
100 0# - ENTRADA PRINCIPAL--NOMBRE DE PERSONA
Nombre de persona Babeuf, Gracchus.
9 (RLIN) 24415
245 10 - MENCIÓN DEL TÍTULO
Título Pages choisies de Babeuf /
Mención de responsabilidad, etc. recueillies, commentées, annotées avec une introd. et une bibliogr. critique par Maurice Dommanget.
260 ## - PUBLICACIÓN, DISTRIBUCIÓN, ETC.
Lugar de publicación, distribución, etc. Paris :
Nombre del editor, distribuidor, etc. Armand Colin,
Fecha de publicación, distribución, etc. 1935.
300 ## - DESCRIPCIÓN FÍSICA
Extensión XI, 330 p. ;
Dimensiones 23 cm.
490 1# - MENCIÓN DE SERIE
Mención de serie Les classiques de la Révolution Française
700 1# - ENTRADA AGREGADA--NOMBRE PERSONAL
Nombre de persona Dommanget, Maurice.
9 (RLIN) 45264
830 0# - PUNTO DE ACCESO ADICIONAL DE SERIE-TÍTULO UNIFORME
Título uniforme Les classiques de la Révolution Française
9 (RLIN) 221167
852 ## - LOCALIZACIÓN
Ubicación ES-MaACL
Número de control de estantería A-3418
Sublocalización o colección R.14914
Holdings
Estatus retirado Estado de pérdida Estado de daño No para préstamo Biblioteca de origen Biblioteca actual Ubicación en estantería Fecha de adquisición Fuente de adquisición Total de préstamos Signatura topográfica completa Código de barras Visto por última vez Precio de reemplazo Tipo de ítem Koha
        Biblioteca del Ateneo de Madrid Biblioteca del Ateneo de Madrid Sala Pecera Planta 1 17/01/2008     A-3418 1157329 23/02/2023 23/02/2023 Libro impreso